Manual para la formación en prevención de riesgos laborales: especialidad de Ergonomía y Psicosociología aplicada

Uloženo v:
Podrobná bibliografie
Hlavní autor: Gómez Etxebarria, Genaro (autor)
Médium: Kniha
Jazyk:španělština
Vydáno: Madrid, España Ciss-Praxis 2003
Témata:
Tagy: Přidat tag
Žádné tagy, Buďte první, kdo vytvoří štítek k tomuto záznamu!

MARC

LEADER 00000nam a2200000 a 4500
001 UCG2835
003 CL-VaPUC
005 20240830115037.0
008 100729e20030000SP |||||||||||||||||spa|d
999 |c 341957  |d 341955 
020 |a 8482354434 
040 |c Pontificia Universidad Católica de Valparaíso 
082 0 4 |a 331.259 GOM 2003  |2 21 
100 |a Gómez Etxebarria, Genaro  |e autor  |9 562110 
245 1 0 |a Manual para la formación en prevención de riesgos laborales: especialidad de Ergonomía y Psicosociología aplicada 
260 0 3 |a Madrid, España  |b Ciss-Praxis   |c 2003 
300 |a 469 páginas 
500 |a Incluye respuestas a los test de comprensión 
583 |a last modification  |c 20100729 00:00:00  |k Rodrigo Vera 
650 0 |a Accidentes de trabajo  |9 254901 
650 0 |a Recursos humanos   |9 228420 
650 0 |a Prevención de accidentes   |9 262912 
650 7 |a EDUCACION PARA LA SEGURIDAD  |2 CL-VaPUC  |9 551470 
650 7 |a MEDICINA DEL TRABAJO  |2 CL-VaPUC  |9 358736 
942 |c BK  |2 ddc 
945 |d 20100729 00:00:00  |a mfarfan 
952 |0 0  |1 0  |2 ddc  |4 0  |6 331_259000000000000_GOM_2003  |7 0  |8 A  |9 437819  |a BIBING  |b BIBING  |d 2019-11-22  |i 469709K  |o 331.259 GOM 2003  |p 469709K  |r 2025-01-20  |t 1  |w 2019-11-22  |y BK  |k CCL